000
00229 a2200109 4500
020
_a
9781558531024
041
_a
eng
100
_a
Jackson Brown
245
_a
Lifes Little Intruction Book
942
_c
BK
952
_7
1
_x
Auto Ayuda
999
_c
25858
_d
25858